1961 1768 1296 1408 1961 1799 1058 1536 1608 1295 1841 1948 1203 1853 1649 1478 1855 1699 1392 1709 1860 1218 1168 1799 1298 1205 1412 1695 1462 1854 1338 1720 1578 1344 1527 1324 1561 1304 1295 1505 1197 1732 1863 1224 1974 1435 1409 1505 1575 1958 1902 1487 1824 1191 1894 1712 1405 1700 1871 1593 1001 1155 1183 1398 1508 1859 1637 1873 1137 1579 1760 1122 1735 1433 1746 1448 1053 1157 1262 1994 1911 1181 1199 1007 1117 1368 1877 1041 1312 1215 1500 1805 1266 1790 1517 1300 1636 1975 1535 BCNSPRNW ULIB Ver.6.0+V

เปลี่ยนเป็นภาษาไทย

Change to English
 แสดงรายละเอียดบรรณานุกรม
  กลับหน้าหลัก

Brief Record : Get Marc (ISO 2709) : E-mail record : QR code < ปิดหน้าต่าง
LEADER : 00000nam 2200000uu 4500
001    13399112359
003     ULIB
008    110805s2549||||th 000 0 tha d
020    9748247376
040    bad
050  4 HF5734^bพ982ก 2549
100 0  ไพพรรณ เกียรติโชคชัย
245 10 การจัดการสัมมนาสู่ความเป็นเลิศ =^bSeminar for excellence /^c ไพพรรณ เกียรติโชคชัย
246 31 Seminar for excellence
250    พิมพ์ครั้งที่5
260    กรุงเทพฯ :^bการศึกษา,^c2549
300    (A-G), 230หน้า ;^c25 ซม.
650  4 การประชุม
945    ^p160^l0^i022184
995    ทศพร
999 ^a ทศพร
รายการนี้ยังไม่มีแท็ก
คุณยังไม่ได้ล็อกอิน คุณสามารถมีกิจกรรมร่วมกับเว็บไซต์ได้ แต่ต้องล็อกอินก่อน ::
  ล็อกอิน

รายการสื่อสารสนเทศ

ลำดับที่ ประเภท เลขเรียก/บาร์โค้ด สถานที่ สถานะ
- ไม่พบข้อมูล -

รายการใกล้เคียง
    หัวเรื่อง [การประชุม]

BibComment


ยังไม่เคยถูกคอมเมนท์

คอมเมนท์ทรัพยากรรายการนี้
  คอมเมนท์: การจัดการสัมมนาสู..


 Copyright 2026. Bcnsprnw @Library